Doing business 2011.
| Format: | Book |
|---|---|
| Published: |
Washington,D.C:
The World Bank,
2010.
|
| Subjects: |
| LEADER | 00361cam a2200133 7i4500 | ||
|---|---|---|---|
| 001 | 0000026133 | ||
| 005 | 20110419090000.0 | ||
| 090 | 0 | 0 | |a I 338.7 |b DOI |
| 245 | 0 | 0 | |a Doing business 2011. |
| 260 | 0 | 0 | |a Washington,D.C: |b The World Bank, |c 2010. |
| 300 | # | # | |a 255 p. |
| 650 | 0 | 0 | |a Business |
| 650 | 0 | 0 | |a Doing business |
| 999 | |a 0000028372 |b Book |c International |e Business Information Centre | ||